In & Out Labyrinth II Quiz Stats

 Plays Quiz Updated Dec 19, 2018

Also try: In & Out Labyrinth
Challenge
Share
Tweet
Embed
Score 0/192 Timer 07:00
2 Plays Today
% Correct
meat from a cow
99.8%
FINISH
99.8%
appear to be (_ee_)
97.6%
BEEF
97.6%
touch (_ee_)
97.6%
7 days (_ee_)
97.6%
0~O~0~O~0~O~0
97.2%
0~O~0~O~0~O~0
97.2%
0~O~0~O~0~O~0
97.1%
0~O~0~O~0~O~0
97.1%
WEEK
96.8%
toil (w__k)
96.8%
0~O~0~O~0~O~0
94.3%
0~O~0~O~0~O~0
94.3%
maize (_or_)
94%
WORK
94%
golfer's warning (_or_)
94%
0~O~0~O~0~O~0
93.9%
0~O~0~O~0~O~0
93.9%
FEEL
93.4%
trick (f__l)
93.4%
0~O~0~O~0~O~0
93.1%
0~O~0~O~0~O~0
93.1%
CORN
91.9%
nickel, eg (c__n)
91.9%
0~O~0~O~0~O~0
91.8%
0~O~0~O~0~O~0
91.8%
emptiness (_oi_)
91.4%
COIN
91.4%
0~O~0~O~0~O~0
90%
0~O~0~O~0~O~0
90%
FORE
88.8%
thin (s__m)
88.2%
SEEM
88.2%
0~O~0~O~0~O~0
87.9%
0~O~0~O~0~O~0
87.9%
FOOL
87.5%
house topper (_oo_)
87.5%
0~O~0~O~0~O~0
86.7%
0~O~0~O~0~O~0
86.7%
ROOF
85.9%
SLIM
84.5%
toss; turn over (_li_)
84.5%
FLIP
79.7%
VOID
75.9%
sell (v__d)
75.9%
VEND
72.4%
car door ding (_en_)
72.4%
DENT
65.4%
pub projectile (d__t)
65.4%
0~O~0~O~0~O~0
63.8%
0~O~0~O~0~O~0
63.8%
retained (h__d)
63.5%
HARD
63.5%
DART
63.4%
difficult (_ar_)
63.4%
HELD
62.4%
depend on (_el_)
62.4%
0~O~0~O~0~O~0
54.4%
0~O~0~O~0~O~0
54.4%
RELY
54%
precious gem (r__y)
54%
hollow conduit (_ub_)
53.9%
RUBY
53.9%
% Correct
Island nation (_ub_)
53.9%
0~O~0~O~0~O~0
53.5%
0~O~0~O~0~O~0
53.5%
0~O~0~O~0~O~0
52.4%
0~O~0~O~0~O~0
52.4%
CUBA
52.4%
soft drink (c__a)
52.4%
COLA
52.2%
bottom of a foot (_ol_)
52.2%
certain (s__e)
52%
SOLE
52%
0~O~0~O~0~O~0
52%
0~O~0~O~0~O~0
52%
TUBE
51.1%
domino piece (t__e)
51.1%
0~O~0~O~0~O~0
51.1%
0~O~0~O~0~O~0
51.1%
SURE
50.9%
untainted (_ur_)
50.9%
stack (p__e)
50.7%
PURE
50.7%
sheet of glass (p__e)
50.7%
0~O~0~O~0~O~0
50.3%
0~O~0~O~0~O~0
50.3%
0~O~0~O~0~O~0
50.3%
0~O~0~O~0~O~0
50.3%
savage (_il_)
50.2%
TILE
50.2%
PANE
49.7%
beach material (_an_)
49.7%
put in order (_an_)
49.7%
toboggan (s__d)
49.5%
SAND
49.5%
plant starter (s__d)
49.5%
PILE
49.4%
0~O~0~O~0~O~0
49%
0~O~0~O~0~O~0
49%
doe, eg (_ee_)
48.7%
SEED
48.7%
rind (_ee_)
48.7%
0~O~0~O~0~O~0
48.7%
0~O~0~O~0~O~0
48.7%
go on the lam (_le_)
48.6%
SLED
48.6%
0~O~0~O~0~O~0
48.3%
0~O~0~O~0~O~0
48.3%
0~O~0~O~0~O~0
47.7%
0~O~0~O~0~O~0
47.7%
POOL
47.6%
sign on a door (p__l)
47.2%
PEEL
47.2%
billiards (p__l)
47.2%
0~O~0~O~0~O~0
47%
0~O~0~O~0~O~0
47%
0~O~0~O~0~O~0
46.8%
0~O~0~O~0~O~0
46.8%
DEER
46.5%
WILD
46.5%
hospital section (w__d)
46.5%
fishhook part (_ar_)
46.2%
WARD
46.2%
0~O~0~O~0~O~0
46%
0~O~0~O~0~O~0
46%
0~O~0~O~0~O~0
44%
% Correct
0~O~0~O~0~O~0
44%
FLEE
43.1%
destiny (f__e)
43.1%
FATE
42%
trail (_at_)
42%
PULL
41.8%
0~O~0~O~0~O~0
41.8%
0~O~0~O~0~O~0
41.8%
FULL
40.5%
energy source (f__l)
40.5%
BULB
40.5%
complete (_ul_)
40.5%
garlic unit (b__b)
40.4%
BARB
40.4%
FUEL
40.4%
famous canal (_ue_)
40.4%
song for two (_ue_)
40.4%
DUET
40.2%
PATH
39.8%
a Spice Girl (p__h)
39.8%
0~O~0~O~0~O~0
39.5%
0~O~0~O~0~O~0
39.5%
misplace (_os_)
39.2%
POSH
39.2%
looks like lichen (_os_)
39.2%
SUEZ
39.1%
LOSE
38.4%
0~O~0~O~0~O~0
37.6%
0~O~0~O~0~O~0
37.6%
0~O~0~O~0~O~0
37.3%
0~O~0~O~0~O~0
37.3%
MOSS
36.9%
a planet (m__s)
36.9%
MLB team (m__s)
36.9%
scarce (_ar_)
36.6%
MARS
36.6%
METS
35.4%
RARE
35.2%
common grain (r__e)
35.2%
RANK
35%
0~O~0~O~0~O~0
34.8%
0~O~0~O~0~O~0
34.8%
RICE
34.6%
ill (_ic_)
34.6%
SICK
34.4%
drench (s__k)
34.4%
SOAK
34.3%
frog cousin (_oa_)
34.3%
care for (t__d)
34.2%
TOAD
34.2%
TEND
33.7%
lease (_en_)
33.7%
oxidize (r__t)
33.3%
RENT
33.3%
prison uprising (r__t)
33.3%
0~O~0~O~0~O~0
33.1%
0~O~0~O~0~O~0
33.1%
RIOT
32.9%
pride member (_io_)
32.9%
RUST
32.8%
0~O~0~O~0~O~0
31.8%
0~O~0~O~0~O~0
31.8%
CONGRATULATIONS
31.6%
LION
31.6%

You're not logged in!

Compare scores with friends on all Sporcle quizzes.
OR
Log In

You Might Also Like...

Show Comments

Extras

Top Quizzes Today


Score Distribution

Your Account Isn't Verified!

In order to create a playlist on Sporcle, you need to verify the email address you used during registration. Go to your Sporcle Settings to finish the process.

Report this User

Report this user for behavior that violates our Community Guidelines.

Details: